HDGCH
Salvato in:
| Autore principale: | |
|---|---|
| Natura: | Libro |
| Lingua: | spagnolo |
| Pubblicazione: |
Santiago
Pontificia Universidad Católica de Chile
2004
|
| Edizione: | 1a. ed |
| Soggetti: | |
| Tags: |
Aggiungi Tag
Nessun Tag, puoi essere il primo ad aggiungerne!!
|
MARC
| LEADER | 00000nam a2200000 a 4500 | ||
|---|---|---|---|
| 001 | UCK2494 | ||
| 003 | CL-VaPUC | ||
| 008 | 050120e20040400CL |||||||||||||||||spa|d | ||
| 020 | |a 9562990818 | ||
| 082 | 0 | 4 | |a 741.6 |b ALV |2 21 |
| 100 | 0 | |a Alvarez Caselli, Pedro |e author |9 490349 | |
| 245 | 1 | 0 | |a HDGCH |
| 246 | 1 | 0 | |a Historia del diseño gráfico en Chile |
| 250 | |a 1a. ed | ||
| 300 | |a 187 p | ||
| 942 | |c BK | ||
| 945 | |d 20050120 00:00:00 |a vberengu | ||
| 260 | |a Santiago |b Pontificia Universidad Católica de Chile |c 2004 | ||
| 500 | |a El libro Historia del Diseño Gráfico en Chile, de Pedro Alvarez Caselli, rescata y pone en valor el patrimonio gráfico chileno, como arte y código visual que se transforma en narración de nuestro devenir social, político, económico, cultural | ||
| 650 | 0 | |a Diseño gráfico |9 266874 | |
| 650 | 7 | |a HISTORIA DEL DISEÑO |2 CL-VaPUC |9 475486 | |
| 651 | 7 | |a CHILE |2 CL-VaPUC |9 490350 | |
| 583 | |a last modification |c 20050120 00:00:00 |k Rodrigo Vera | ||
| 999 | |c 312007 |d 312005 | ||
| 952 | |0 0 |1 0 |4 0 |6 741_600000000000000_ALV_2004 |7 0 |8 A |9 381788 |a BIBARQ |b BIBARQ |d 2019-11-21 |i 4094360 |l 1 |o 741.6 ALV 2004 |p 4094360 |q 2025-05-12 |r 2025-05-05 |s 2025-05-05 |w 2019-11-21 |y BK |k ARQ | ||